000 00443nam a2200169Ia 4500
008 090711s9999 xx 000 0 und d
082 _b60215
100 _aनांगरे बलराम
245 _aअपंगा
260 _c1965
300 _a127
600 _aनांगरे बलराम
630 _aअपंगा
700 _aनांगरे बलराम
730 _aअपंगा
942 _cBOOK
999 _c307240
_d307240